=LDR 00000nam 2200000 4500 =001 INLIS000000000027379 =005 20130612125747 =008 ***********************************Ind** =035 ##$$a0010-061300000027379 =041 ##$$a Ind =082 ##$$a 813 =090 ##$$a 813, Far t =100 ##$$a Faris,salman =245 ##$$a Tuan Guru6cSalman Faris;Editor,Suhaimi syamsuri,indra Qusman =260 ##$$a 2007 $b Yogyakarta =300 ##$$a 641 hlm, 20,5 cm =650 ##$$a Fiksi indonesia =700 ##$$a Syamsuri,suhaimi, Jusman,Indra =850 ##$$a NBPNMAT =990 ##$$a 21196112/BPAP-NTB/2014 =990 ##$$a 21196114/BPAP-NTB/2014